Statystyki dla Nazwij różne związki chemiczne

Kliknij tutaj aby rozwiązać quiz!

Ogólne statystyki

  • Ten quiz został rozwiązany 16 razy
  • Średni wynik to 15 z 20

Statystyki odpowiedzi

HintOdpowiedź% Poprawnych
Tlenek węgla (II)CO
100%
Tlenek węgla (IV)CO2
100%
Kwas chlorowodorowyHCl
93%
Sól kuchennaNaCl
93%
SiarkowodórH2S
87%
Kwas siarkowy (IV)H2SO3
87%
Kwas siarkowy (VI)H2SO4
87%
MetanCH4
80%
Tlenek wodoruH2O
80%
Kwas fluorowodorowyHF
80%
Wodorotlenek soduNaOH
80%
OzonO3
80%
AmoniakNH3
73%
GlukozaC6H12O6
67%
Węglan wapniaCaCO3
67%
TrytH3
67%
CyjanowodórHCN
67%
tzw. Ciężka woda(tlenek deuteru)D2O
40%
MetamfetaminaC10H15N
13%
PseudoefedrynaC10H15NO
13%

Rozkład punktacji

Percentyl według liczby udzielonych odpowiedzi

Procent ludzi z każdym wynikiem

Twoja historia wyników

Nie rozwiązałeś tego quizu